000 00793nab a2200229u 4500
001 20493
003 HDC
007 c| |||a|c|aaaa
008 210304b20110816my ||||o |||| 00| 0 eng d
040 _aHDC
245 0 _aCan Indonesia serve as a World Halal Certification Centre?
336 _atext
_2rdacontent
337 _acomputer
_2rdamedia
338 _aonline resource
_2rdacarrier
650 _aBogor-based Agriculture Institute (IPB)
_918521
650 _aFood, Drug and Cosmetics Research Institute (LPPOM)
_918522
710 _aANTARA NEWS
856 _zRequest full-text at [email protected]
942 _2lcc
942 _cNEWS
942 _kNWS0 004903
999 _c17809
_d17809